Rasizmus, osobnosť mladých ľudí a čo s tým?

Výskum súvislostí osobnostných dimenzií a rasizmu, realizovaný na vzorke žiakov gymnázia a SOU. Stanovenie hypotéz. Opis a výsledky prieskumu.

Uložené v:
Podrobná bibliografia
Hlavný autor: Mandáková, Alexandra, 1980-
Médium: Kapitola
Jazyk:Slovak
Predmet:
Tagy: Pridať tag
Žiadne tagy, Buďte prvý, kto otaguje tento záznam!

MARC

LEADER 00000nla$a2200000$$$4500
001 0243755
005 20240502073941.2
041 0 |a slo 
044 |a SK 
245 1 0 |a Rasizmus, osobnosť mladých ľudí a čo s tým?  |c Alexandra Mandáková 
520 |a Výskum súvislostí osobnostných dimenzií a rasizmu, realizovaný na vzorke žiakov gymnázia a SOU. Stanovenie hypotéz. Opis a výsledky prieskumu. 
610 2 0 |a rasizmus 
610 2 0 |a školy 
610 2 0 |a žiaci 
610 2 0 |a diskriminácia rasová 
610 2 0 |a prieskum 
610 2 0 |a dotazníky 
100 1 |a Mandáková, Alexandra, 1980-